000 00445nam a2200205Ia 4500
001 13831
003 GE_BSU
008 181216s||||||||xx |||||||||||||| ||und||
020 _a0330432583
040 _cGE_BSU
080 _a821.111-3
100 _aPlante,Lynda La
245 _aCold Heart & Entwined
260 _aLondon
260 _bPan books
260 _c1998
300 _a600p.18cm.
653 _aCold Heart & Entwined
942 _cBK
999 _c46977
_d46977